000 00345nam a2200157Ia 4500
003 OSt
005 20240210111618.0
008 170524s9999 xx 000 0 und d
020 _a978-0198072027
040 _cIIMT UNIVERSITY
100 _aMALLIK PRADIP
100 _c2011
245 0 _aSALES MANGEMENT
260 _aOXFORD
942 _2ddc
_c01
999 _c2784
_d2784